000 00338pab a2200145 454500
008 180718b1996 xxu||||| |||| 00| 0 eng d
100 _aGupta, K.N.
245 _aRole of the crime analyst
_ba global overview.
260 _c1996
300 _ap.16-23
362 _aMay
650 _aCrime
773 _aC.B.I. Bulletin
909 _a31750
999 _c31750
_d31750